Fungi that cause superficial mycoses : Centraabureau voor schimmelcultures, Baarn

The content of this book was primarily to serve as a guide for a short course for dermatologissts.Drring this book the true dermatophytes belonging to the genera trichophyton, mycrosporum and epidermophyton are treated.

Đã lưu trong:
書目詳細資料
主要作者: Tan, C. Shu-hui
格式: 圖書
語言:Undetermined
出版: Belgium International Association 1994
主題:
標簽: 添加標簽
沒有標簽, 成為第一個標記此記錄!
Thư viện lưu trữ: Trung tâm Học liệu Trường Đại học Cần Thơ
LEADER 00821nam a2200205Ia 4500
001 CTU_191908
008 210402s9999 xx 000 0 und d
082 |a 589.2 
082 |b T161 
100 |a Tan, C. Shu-hui 
245 0 |a Fungi that cause superficial mycoses : 
245 0 |b Centraabureau voor schimmelcultures, Baarn 
245 0 |c C. Shu-hui Tan, Ellen S. Hoekstra, Robert A. Samson 
260 |a Belgium 
260 |b International Association 
260 |c 1994 
520 |a The content of this book was primarily to serve as a guide for a short course for dermatologissts.Drring this book the true dermatophytes belonging to the genera trichophyton, mycrosporum and epidermophyton are treated. 
650 |a Fungi,Nấm 
904 |i Tuyến 
980 |a Trung tâm Học liệu Trường Đại học Cần Thơ